LIBRARY & INFORMATION CENTRE, KCAET, TAVANUR

ONLINE PUBLIC ACCESS CATALOGUE (OPAC)

Unit operations of chemical engineering / (Record no. 6685)

MARC details
000 -LEADER
fixed length control field 00544cam a2200205ua 4500
020 ## - INTERNATIONAL STANDARD BOOK NUMBER
ISBN 0-07-044844-2
041 ## - LANGUAGE CODE
Language code of text/sound track or separate title eng
082 ## - DEWEY DECIMAL CLASSIFICATION NUMBER
Classification number 660.2842
Item number MCC/UN
100 ## - MAIN ENTRY--AUTHOR NAME
Personal name McCabe, Warren L .
245 ## - TITLE STATEMENT
Title Unit operations of chemical engineering /
250 ## - EDITION STATEMENT
Edition statement 5 /
260 ## - PUBLICATION, DISTRIBUTION, ETC. (IMPRINT)
Place of publication New York :
Name of publisher McGraw Hill Book Company ,
Year of publication 1993.
300 ## - PHYSICAL DESCRIPTION
Number of Pages 1130 ; .
700 1# - ADDED ENTRY--PERSONAL NAME
Personal name Harriott, Peter .
700 1# - ADDED ENTRY--PERSONAL NAME
Personal name Smith , Julian C .
942 ## - ADDED ENTRY ELEMENTS (KOHA)
Koha item type Books
Holdings
Withdrawn status Lost status Damaged status Home library Current library Date acquired Full call number Accession Number Koha item type
      KAUAET KAUAET 07/04/2012 660.2842 19428 Books
      KAUAET KAUAET 07/04/2012 660.2842 19429 Books
free website counter